[Event "RUS-Cup4"]
[Site "Perm"]
[Date "1997.02.15"]
[Round "8"]
[White "Atalik, Ekaterina"]
[Black "Sergeev, Nickolay"]
[Result "0-1"]
[WhiteElo "2170"]
[BlackElo "2330"]
[PlyCount "70"]
[EventDate "1997.02.02"]
[EventType "swiss"]
[EventRounds "9"]
[EventCountry "RUS"]
[SourceTitle "CBM 058"]
[Source "ChessBase"]
[SourceDate "1997.06.01"]
[SourceVersion "1"]
[SourceVersionDate "1997.06.01"]
[SourceQuality "1"]

1. e4 c5 2. Nf3 e6 3. d3 Nc6 4. g3 g6 5. Bg2 Bg7 6. c3 Nge7 7. d4 d5 8. exd5 Qxd5 9. 0-0 cxd4 10. Nxd4 Qa5 11. Nxc6 Nxc6 12. Nd2 0-0 13. Ne4 Ne5 14. Bg5 f6 15. Bf4 f5 16. Bxe5 Bxe5 17. Nd2 Bg7 18. Qb3 Kh8 19. Nc4 Qc7 20. f4 Rb8 21. Rfe1 g5 22. Ne5 Rg8 23. Kh1 gxf4 24. gxf4 b5 25. c4 Bxe5 26. Rxe5 Bb7 27. Bf3 bxc4 28. Qc3 Qg7 29. Rf1 Bxf3+ 30. Qxf3 Rxb2 31. Rxe6 Rg2 32. Ree1 c3 33. Rc1 c2 34. Rfe1 Rf2 35. Qc6 Rxh2+ 0-1

[Event "RUS-Cup4"]
[Site "Perm"]
[Date "1997.02.09"]
[Round "2"]
[White "Sorokin, Maxim"]
[Black "Sergeev, Nickolay"]
[Result "1/2-1/2"]
[WhiteElo "2560"]
[BlackElo "2330"]
[PlyCount "82"]
[EventDate "1997.02.02"]
[EventType "swiss"]
[EventRounds "9"]
[EventCountry "RUS"]
[SourceTitle "CBM 058"]
[Source "ChessBase"]
[SourceDate "1997.06.01"]
[SourceVersion "1"]
[SourceVersionDate "1997.06.01"]
[SourceQuality "1"]

1. d4 Nf6 2. c4 e6 3. g3 d5 4. Bg2 Be7 5. Nf3 dxc4 6. Qa4+ Nbd7 7. Qxc4 a6 8. Bf4 Nd5 9. Nc3 b5 10. Qd3 Nxf4 11. gxf4 Bb7 12. 0-0 Nf6 13. Ne5 Bxg2 14. Kxg2 0-0 15. Rac1 Nd5 16. Qf3 Nxc3 17. Nc6 Qd7 18. Rxc3 Bd6 19. e4 f6 20. e5 Be7 21. Rd1 Rae8 22. Qe4 fxe5 23. fxe5 Rf5 24. Rdd3 Ref8 25. Rf3 Qe8 26. Rxf5 Rxf5 27. Rf3 Rxf3 28. Kxf3 Bf8 29. Kg2 Qh5 30. h3 Qe8 31. d5 Qd7 32. dxe6 Qxe6 33. a3 Be7 34. Nd4 Qg6+ 35. Qxg6 hxg6 36. Nc6 Kf7 37. Kf3 Bc5 38. b4 Bb6 39. Ke2 Ke6 40. f4 g5 41. Kf3 Kd5 1/2-1/2

[Event "RUS-Cup5"]
[Site "Ekaterinburg"]
[Date "1997.??.??"]
[Round "4"]
[White "Guskova, Elena"]
[Black "Sergeev, Nickolay"]
[Result "0-1"]
[WhiteElo "2185"]
[BlackElo "2330"]
[PlyCount "84"]
[EventDate "1997.02.13"]
[EventType "swiss"]
[EventRounds "9"]
[EventCountry "RUS"]
[SourceTitle "CBM 057 Extra"]
[Source "ChessBase"]
[SourceDate "1997.05.01"]
[SourceVersion "1"]
[SourceVersionDate "1997.05.01"]
[SourceQuality "1"]

1. e4 c5 2. Nf3 d6 3. g3 g6 4. Bg2 Bg7 5. 0-0 Nc6 6. Re1 e5 7. Nc3 Nge7 8. Nd5 0-0 9. c3 h6 10. d3 Be6 11. Nxe7+ Qxe7 12. Be3 f5 13. exf5 gxf5 14. d4 cxd4 15. cxd4 Bf7 16. Qd2 Qf6 17. d5 Ne7 18. Ng5 f4 19. Ne4 Qg6 20. gxf4 Bxd5 21. f3 Bc6 22. Kh1 Nf5 23. Bf2 exf4 24. Bh3 Ne3 25. Bxe3 fxe3 26. Qxe3 Qf7 27. Nd2 Kh8 28. Bg2 Qh5 29. Qe6 Be5 30. Qh3 Qxh3 31. Bxh3 Bxb2 32. Rad1 Rae8 33. Rxe8 Rxe8 34. Ne4 d5 35. Nd6 Rf8 36. Be6 d4 37. Bg4 Rxf3 38. Kg1 Rf6 39. Nc4 Bc3 40. h3 Bd5 41. Ne5 Bxa2 42. Kg2 Bd5+ 0-1

[Event "RUS-Cup5"]
[Site "Ekaterinburg"]
[Date "1997.??.??"]
[Round "7"]
[White "Sergeev, Nickolay"]
[Black "Yandemirov, Valeri"]
[Result "0-1"]
[WhiteElo "2330"]
[BlackElo "2500"]
[PlyCount "66"]
[EventDate "1997.02.13"]
[EventType "swiss"]
[EventRounds "9"]
[EventCountry "RUS"]
[SourceTitle "CBM 057 Extra"]
[Source "ChessBase"]
[SourceDate "1997.05.01"]
[SourceVersion "1"]
[SourceVersionDate "1997.05.01"]
[SourceQuality "1"]

1. d4 Nf6 2. Nf3 g6 3. Bg5 Bg7 4. c3 0-0 5. e3 d5 6. Bd3 Nbd7 7. Nbd2 Re8 8. 0-0 c6 9. Qc2 e5 10. dxe5 Nxe5 11. Nxe5 Rxe5 12. Nf3 Re8 13. c4 Qa5 14. h3 Be6 15. Bf4 dxc4 16. Bxc4 Bxc4 17. Qxc4 Nd5 18. Ng5 Qb4 19. Qxb4 Nxb4 20. Rad1 Rad8 21. a3 Nd5 22. b3 Nc3 23. Rxd8 Rxd8 24. Nf3 Rd3 25. Kh2 Ne4 26. Ne5 Bxe5 27. Bxe5 f6 28. Bb8 a5 29. a4 Nd2 30. Rc1 Nxb3 31. Rc2 Kf7 32. Kg3 Ke6 33. Kf3 Nd4+ 0-1

[Event "RUS-Cup5"]
[Site "Ekaterinburg"]
[Date "1997.??.??"]
[Round "6"]
[White "Tolstikh, Nikolay"]
[Black "Sergeev, Nickolay"]
[Result "1-0"]
[WhiteElo "2410"]
[BlackElo "2330"]
[PlyCount "127"]
[EventDate "1997.02.13"]
[EventType "swiss"]
[EventRounds "9"]
[EventCountry "RUS"]
[SourceTitle "CBM 057 Extra"]
[Source "ChessBase"]
[SourceDate "1997.05.01"]
[SourceVersion "1"]
[SourceVersionDate "1997.05.01"]
[SourceQuality "1"]

1. Nf3 Nf6 2. c4 g6 3. Nc3 Bg7 4. e4 d6 5. d4 0-0 6. Be2 e5 7. d5 Nbd7 8. h3 Nc5 9. Qc2 c6 10. 0-0 Nh5 11. Rd1 Nf4 12. Bxf4 exf4 13. dxc6 Re8 14. e5 Bf5 15. Qc1 bxc6 16. Rxd6 Qc7 17. Qd2 g5 18. Rd1 Nb7 19. Rd4 c5 20. Rd5 Be6 21. Rd3 Bxe5 22. Nd5 Qb8 23. Nxg5 Nd6 24. Rb3 Qc8 25. Nxe6 Qxe6 26. Nxf4 Qf5 27. Nd5 Ne4 28. Qe3 Bd4 29. Rxd4 cxd4 30. Qxd4 Re6 31. Rf3 Qe5 32. Qxe5 Rxe5 33. Re3 Rae8 34. Bf3 Kg7 35. Bxe4 Rxe4 36. Rg3+ Kf8 37. Nf6 Re1+ 38. Kh2 R8e2 39. Rg8+ Ke7 40. Nd5+ Kd6 41. Rd8+ Kc5 42. Rc8+ Kd4 43. Nf4 Rxb2 44. Rd8+ Kc3 45. c5 Rd2 46. Nd5+ Kb2 47. c6 Rc1 48. c7 Kxa2 49. Nc3+ Rxc3 50. Rxd2+ Kb1 51. Rd7 a5 52. Rd5 a4 53. Ra5 Rxc7 54. Rxa4 Kc2 55. Rd4 Kc3 56. Rd8 Kc4 57. Kg3 Kc5 58. Rh8 Kd5 59. Rxh7 Ke5 60. Rh6 Rc3+ 61. Kh2 f5 62. g3 f4 63. Rh5+ Kf6 64. g4 1-0